Famous Broadway Quotes - Statistics

General Stats
  • This quiz has been taken 87 times
  • The average score is 8 of 22
Answer Stats
Quote/Song Lyric Musical % Correct
"Son, be a dentist." Little Shop of Horrors
81%
"Legacy. What is a legacy?" Hamilton
70%
"Benjamin Barker!" Sweeney Todd
59%
"The woild is ye erster." Newsies
56%
"Ya got trouble, trouble right here in River City." The Music Man
56%
"In granting me my life today, this man has killed me so." Les Miserables
55%
"That's right, you just take that one road the whole time! Oh I hope they don't get lost, I'm so bad at giving directions. Wicked
52%
"Good ole' reliable Nathan." Guys and Dolls
48%
"Order your fine horses, now." Phantom of the Opera
45%
"Here she lies, no one knew her worth." Rent
45%
"Imagine that your brain is made of tiny boxes, and find the box that's gay and CRUSH IT!" The Book of Mormon
45%
"On the wings of my fancy I can fly anywhere." Cinderella
32%
"I conduct the Electric City!" Hadestown
32%
"Are you saying you are actually available?" "Yes..." "And you still like girls?" "Yes!" Kinky Boots
26%
"Oh my mother was frightened by a shotgun they say." Annie Get Your Gun
25%
"Feelin' sorry for James Cagney. 'Cause he's never kissed her." Bonnie and Clyde
12%
"Because no one sings My Mother's Eyes like I do." Jersey Boys
11%
"Glory's in the air! And what am I doing? Nothing." Pippin
10%
"What are they, your butlers?" South Pacific
10%
"If you could see the way you look to me, I swear you'd be amazed at the sight." Carrie
7%
"I prayed for you and here you are. You're everything I want in a girl." "And more." Dog Fight
4%
"Hey! Do me a favor and grab my butt!" Frozen: The Musical
4%
No matching quizzes found
Score Distribution
Percent of People with Each Score
Percentile by Number Answered
Your Score History
You have not taken this quiz